000
00241nam a22000857a 4500
008
160705b xxu||||| |||| 00| 0 eng d
100
_9
2215
_a
Srivastava, H.S., et al
245
_a
Perfecting Examination Practices
260
_a
New Delhi
_b
Arya
_c
2002
999
_c
1904
_d
1904